[Event "Netanya Open 2019"]
[Site "Netanya ISR"]
[Date "2019.06.24"]
[Round "2.1"]
[White "Sivan, Yaacov"]
[Black "Korobov, Anton"]
[Result "0-1"]
[WhiteTitle "IM"]
[BlackTitle "GM"]
[WhiteElo "2320"]
[BlackElo "2687"]
[WhiteFideId "2800730"]
[BlackFideId "14105730"]
[EventDate "2019.06.23"]

1. e4 c5 2. Nf3 d6 3. Bb5+ Bd7 4. Bxd7+ Nxd7 5. c4 Ngf6 6. Nc3 Ne5 7. O-O e6 8.
Ne1 Be7 9. f4 Nc6 10. d3 O-O 11. g4 Nd7 12. Ng2 a6 13. g5 Rb8 14. h4 b5 15. b3
Re8 16. Bb2 Bf8 17. Ne3 Nb6 18. Qf3 Qd7 19. Rae1 Nb4 20. Ng4 d5 21. Ne5 Qb7 22.
f5 d4 23. g6 f6 24. gxh7+ Kxh7 25. Qh5+ Kg8 26. Ng6 Nxd3 27. fxe6 Rxe6 28. Nd5
Nxe1 29. Rxe1 bxc4 30. Qh8+ Kf7 31. Qh5 Nxd5 32. Nf4+ Kg8 33. Nxe6 Ne3 34. Bc1
Qxe4 35. Bxe3 Qxe6 36. Bf2 Qf7 0-1

[Event "Netanya Open 2019"]
[Site "Netanya ISR"]
[Date "2019.06.24"]
[Round "2.2"]
[White "Kuzubov, Yuriy"]
[Black "Goikhman, Valentin"]
[Result "1-0"]
[WhiteTitle "GM"]
[WhiteElo "2671"]
[BlackElo "2320"]
[WhiteFideId "14112906"]
[BlackFideId "2806800"]
[EventDate "2019.06.23"]

1. d4 Nf6 2. Nf3 e6 3. c4 b6 4. a3 Bb7 5. Nc3 d5 6. Bg5 Be7 7. Qc2 O-O 8. e3
Nbd7 9. cxd5 exd5 10. Be2 Ne4 11. Bxe7 Qxe7 12. O-O c5 13. dxc5 Nxc3 14. Qxc3
bxc5 15. Rfe1 Nf6 16. b4 Ne4 17. Qb2 c4 18. Nd4 f5 19. Bf3 Rae8 20. Rad1 Qe5 21.
g3 c3 22. Qa1 Rc8 23. Rc1 f4 24. gxf4 Qf6 25. Bxe4 dxe4 26. Rxc3 Rcd8 27. Rc7
Bc8 28. Ne2 Qg6+ 29. Ng3 h5 30. h4 Bg4 31. Qe5 Bf3 32. Qg5 Qxg5 33. fxg5 a5 34.
bxa5 Rd3 35. Rb1 1-0

[Event "Netanya Open 2019"]
[Site "Netanya ISR"]
[Date "2019.06.24"]
[Round "2.3"]
[White "Rozen, Eytan"]
[Black "Moiseenko, Alexander"]
[Result "0-1"]
[WhiteTitle "FM"]
[BlackTitle "GM"]
[WhiteElo "2317"]
[BlackElo "2642"]
[WhiteFideId "2816750"]
[BlackFideId "14102560"]
[EventDate "2019.06.23"]

1. d4 Nf6 2. Nf3 e6 3. g3 b5 4. Bg2 Bb7 5. O-O c5 6. b3 cxd4 7. Bb2 Be7 8. Nxd4
Bxg2 9. Kxg2 Qb6 10. Nd2 Nc6 11. e3 O-O 12. c4 a6 13. Qe2 Rab8 14. Rfd1 Rfc8 15.
Rac1 d6 16. Nxc6 Rxc6 17. Qf3 Rbc8 18. cxb5 axb5 19. Rxc6 Rxc6 20. Ne4 Nxe4 21.
Qxe4 Qc7 22. Rd2 Bf8 23. Qd4 Qa5 24. a4 bxa4 25. bxa4 d5 26. Rd3 Rc4 27. Qe5
Qxa4 28. Bd4 Qe8 29. Rb3 f6 30. Qb8 Qxb8 31. Rxb8 e5 32. Bb2 Kf7 33. Rb7+ Ke6
34. Ra7 Bc5 35. Rc7 Kd6 36. Rc8 Kd7 37. Rb8 Rc2 38. Kf1 h5 39. h3 g5 40. Rb3 Kc6
41. Ba3 d4 42. Bxc5 Kxc5 43. exd4+ exd4 44. Rf3 Kc4 45. Rxf6 Kd3 46. Rf5 Rc1+
47. Kg2 Ke4 48. Rf8 d3 49. Rd8 g4 50. hxg4 hxg4 51. Rd7 Rc5 52. Kf1 Rd5 53. Re7+
Kd4 54. Rg7 Ra5 55. Rxg4+ Kc3 56. Rg8 Ra1+ 57. Kg2 d2 58. Rc8+ Kb4 0-1

[Event "Netanya Open 2019"]
[Site "Netanya ISR"]
[Date "2019.06.24"]
[Round "2.6"]
[White "Roiz, Michael"]
[Black "Poleg, Dan"]
[Result "1-0"]
[WhiteTitle "GM"]
[BlackTitle "FM"]
[WhiteElo "2603"]
[BlackElo "2271"]
[WhiteFideId "2804158"]
[BlackFideId "2812398"]
[EventDate "2019.06.23"]

1. c4 e6 2. g3 d5 3. Bg2 dxc4 4. Qa4+ Nd7 5. Qxc4 a6 6. Qc2 c5 7. Nf3 Ngf6 8.
Nc3 Bd6 9. O-O O-O 10. d4 Qc7 11. dxc5 Bxc5 12. Bg5 b5 13. Bf4 Qb6 14. Ne5 Bb7
15. Nxd7 Nxd7 16. Bxb7 Qxb7 17. Qe4 Qxe4 18. Nxe4 Be7 19. Bd6 Bxd6 20. Nxd6 Nb6
21. Rac1 Rfd8 22. Rfd1 h6 23. Kf1 Rd7 24. Ke1 Rad8 25. Ne4 Rxd1+ 26. Rxd1 Rc8
27. Rd6 Rb8 28. Rc6 a5 29. Nd6 Nc4 30. b3 Nxd6 31. Rxd6 b4 32. Rc6 Rb5 33. Kd2
Rd5+ 34. Kc2 Re5 35. e3 f5 36. Rc7 Kf8 37. Kd3 Rd5+ 38. Ke2 h5 39. h4 Re5 40.
Kf3 Rd5 41. Ra7 Rc5 42. Kf4 Rc2 43. Ke5 Rxa2 44. Kxe6 Kg8 45. Kxf5 Rxf2+ 46. Kg6
Rf6+ 47. Kxh5 Re6 48. g4 Kh7 49. g5 Re5 50. e4 Re6 51. Rb7 Re5 52. Rb6 a4 53.
Rxb4 a3 54. Ra4 a2 55. Ra7 a1=Q 56. Rxa1 g6+ 57. Kg4 Rxe4+ 58. Kf3 Rxh4 59. Ra7+
Kg8 60. Rb7 Kf8 61. b4 Ke8 62. b5 Kd8 63. b6 Rb4 64. Rb8+ Kd7 65. b7 Kc7 66. Rg8
Kxb7 67. Rxg6 Kc7 68. Re6 Kd7 69. Re3 Ra4 70. Kg3 Rb4 71. Kh3 Ra4 72. g6 Ra6 73.
g7 Ra8 74. Kh4 Rg8 75. Rg3 Ke7 76. Kh5 Kf7 77. Kh6 Rb8 78. Kh7 1-0

[Event "Netanya Open 2019"]
[Site "Netanya ISR"]
[Date "2019.06.24"]
[Round "2.14"]
[White "Svetushkin, Dmitry"]
[Black "Lukin, Elisha"]
[Result "1-0"]
[WhiteTitle "GM"]
[WhiteElo "2532"]
[BlackElo "2196"]
[WhiteFideId "13900463"]
[BlackFideId "2813262"]
[EventDate "2019.06.23"]

1. e4 e6 2. d4 d5 3. Nc3 Bb4 4. e5 c5 5. a3 Bxc3+ 6. bxc3 Ne7 7. Nf3 Bd7 8. a4
Nbc6 9. Ba3 cxd4 10. cxd4 Qa5+ 11. Qd2 Qxd2+ 12. Kxd2 Nf5 13. Bb2 Na5 14. Bd3
Nc4+ 15. Bxc4 dxc4 16. Kc3 Rc8 17. Ba3 Bc6 18. a5 h5 19. Rhg1 h4 20. Nd2 h3 21.
g3 b5 22. axb6 axb6 23. Rgb1 b5 24. Bc5 Kd7 25. Ra7+ Rc7 26. Rba1 Rc8 27. R7a3
Nh6 28. f3 Nf5 29. Kb4 Bd5 30. Ne4 Bxe4 31. fxe4 Nh6 32. Rf1 Ke8 33. g4 Nxg4 34.
Bd6 Rc6 35. Rg3 Rxd6 36. exd6 Nf6 37. Rxg7 Kf8 38. Rxf7+ Kxf7 1-0

[Event "Netanya Open 2019"]
[Site "Netanya ISR"]
[Date "2019.06.24"]
[Round "2.23"]
[White "Levi, Netanel"]
[Black "Mindlin, Alon"]
[Result "1/2-1/2"]
[BlackTitle "IM"]
[WhiteElo "2143"]
[BlackElo "2454"]
[WhiteFideId "2815400"]
[BlackFideId "2800071"]
[EventDate "2019.06.23"]

1. e4 e5 2. Nf3 Nc6 3. Bc4 Bc5 4. c3 Nf6 5. d3 a6 6. Nbd2 Ba7 7. O-O d6 8. Bb3
Ne7 9. Re1 Ng6 10. Nf1 O-O 11. Ng3 h6 12. h3 Re8 13. d4 c6 14. Be3 Qc7 15. Qc1
Kh7 16. Nf5 Ng8 17. Bxf7 Qxf7 18. Nxd6 Qe7 19. Nxe8 Qxe8 20. dxe5 Bb8 21. Qc2
Qf7 22. Qe2 Nxe5 23. Nxe5 Bxe5 24. Rf1 Bc7 25. f4 Nf6 26. Qf3 Qg6 27. Rae1 Bd7
28. e5 Nd5 29. f5 Bxf5 30. Qxf5 Nxe3 31. Rxe3 Bb6 32. Qxg6+ Kxg6 33. Rf3 Rd8 34.
e6 Bxe3+ 35. Rxe3 1/2-1/2

[Event "Netanya Open 2019"]
[Site "Netanya ISR"]
[Date "2019.06.24"]
[Round "2.37"]
[White "Reches, Omer"]
[Black "Shubin, Kirill"]
[Result "0-1"]
[BlackTitle "FM"]
[WhiteElo "1724"]
[BlackElo "2426"]
[WhiteFideId "2844850"]
[BlackFideId "34119962"]
[EventDate "2019.06.23"]

1. e4 e6 2. d4 d5 3. exd5 exd5 4. Nf3 Nc6 5. Bb5 Ne7 6. Qe2 h6 7. Bxc6+ bxc6 8.
Ne5 Be6 9. Nd2 g6 10. f4 Bg7 11. Ndf3 O-O 12. Bd2 Qd6 13. Nd3 a5 14. Bc3 Bf5 15.
Nde5 Rfe8 16. O-O-O Nc8 17. Qd2 Nb6 18. Rhe1 Red8 19. Nh4 Be4 20. g4 Na4 21. g5
hxg5 22. fxg5 Nxc3 23. Qxc3 c5 24. Ng4 Qf4+ 0-1

[Event "Netanya Open 2019"]
[Site "Netanya ISR"]
[Date "2019.06.24"]
[Round "2.42"]
[White "Slobodiansky, Steven"]
[Black "Zoabi, Jihad"]
[Result "1/2-1/2"]
[WhiteElo "2106"]
[BlackElo "1815"]
[WhiteFideId "2818523"]
[BlackFideId "371281920"]
[EventDate "2019.06.23"]

1. e4 c5 2. Nf3 e6 3. d4 cxd4 4. Nxd4 Nf6 5. Nc3 d6 6. Be3 Be7 7. f3 a6 8. Qd2
Nc6 9. O-O-O O-O 10. g4 Nd7 11. f4 Nxd4 12. Bxd4 b5 13. Bg2 b4 14. Ne2 Rb8 15.
Be3 Nb6 16. Qd3 Qc7 17. b3 Bd7 18. Nd4 Rfc8 19. Kb1 a5 20. Bc1 a4 21. Bb2 axb3
22. cxb3 Qa7 23. Rd2 Rc5 24. Ba1 Rbc8 25. Nc2 Qc7 26. Bb2 Bb5 27. Qd4 e5 28. Qf2
Rxc2 29. Rxc2 Bd3 30. Rc1 exf4 31. Qd2 Bxc2+ 32. Rxc2 Qxc2+ 33. Qxc2 Rxc2 34.
Kxc2 Nd7 35. Bc1 Bg5 36. a4 bxa3 37. Bxa3 Be7 38. h3 Ne5 39. Bc1 g5 40. b4 d5
41. exd5 Bxb4 42. Be4 Ng6 43. Kd3 Kf8 44. Bb2 Ke7 1/2-1/2

[Event "Netanya Open 2019"]
[Site "Netanya ISR"]
[Date "2019.06.25"]
[Round "3.1"]
[White "Korobov, Anton"]
[Black "Svetushkin, Dmitry"]
[Result "0-1"]
[WhiteTitle "GM"]
[BlackTitle "GM"]
[WhiteElo "2687"]
[BlackElo "2532"]
[WhiteFideId "14105730"]
[BlackFideId "13900463"]
[EventDate "2019.06.23"]

1. d4 Nc6 2. Nf3 e6 3. e4 d5 4. e5 f6 5. Bd3 Nh6 6. exf6 Qxf6 7. Bg5 Qf7 8. O-O
Nf5 9. c4 Bd6 10. c5 h6 11. cxd6 hxg5 12. dxc7 Nfxd4 13. Nxd4 Nxd4 14. Nc3 Bd7
15. Rc1 Qf4 16. Bg6+ Ke7 17. Bh5 Qh4 18. g4 Rxh5 19. gxh5 Rf8 20. f3 Bc6 21. Ne4
Nf5 22. Nf2 Qf4 23. Re1 Nh4 24. Rc3 d4 25. Qb3 Kd7 26. Qxe6+ Kxc7 27. Re4 Nxf3+
28. Rxf3 Qxf3 0-1

[Event "Netanya Open 2019"]
[Site "Netanya ISR"]
[Date "2019.06.25"]
[Round "3.2"]
[White "Kogan, Arthur"]
[Black "Kuzubov, Yuriy"]
[Result "1/2-1/2"]
[WhiteTitle "GM"]
[BlackTitle "GM"]
[WhiteElo "2535"]
[BlackElo "2671"]
[WhiteFideId "2800802"]
[BlackFideId "14112906"]
[EventDate "2019.06.23"]

1. e4 c5 2. Nf3 Nc6 3. Bb5 Nf6 4. Nc3 Qc7 5. O-O Nd4 6. Re1 e5 7. d3 Be7 8. Bg5
O-O 9. Bxf6 Bxf6 10. Nd5 Qd8 11. Nxd4 cxd4 12. c3 1/2-1/2

[Event "Netanya Open 2019"]
[Site "Netanya ISR"]
[Date "2019.06.25"]
[Round "3.3"]
[White "Moiseenko, Alexander"]
[Black "Flom, Gabriel"]
[Result "1/2-1/2"]
[WhiteTitle "GM"]
[BlackTitle "IM"]
[WhiteElo "2642"]
[BlackElo "2480"]
[WhiteFideId "14102560"]
[BlackFideId "621650"]
[EventDate "2019.06.23"]

1. d4 Nf6 2. c4 g6 3. Nc3 Bg7 4. e4 d6 5. Bd3 O-O 6. Nge2 Nc6 7. O-O e5 8. d5
Nd4 9. Nxd4 exd4 10. Ne2 Re8 11. f3 c5 12. Bg5 h6 13. Bh4 g5 14. Bf2 Nd7 15. Ng3
Ne5 16. Nh5 Qe7 17. Nxg7 Kxg7 18. Kh1 Rf8 19. Bg3 Nxd3 20. Qxd3 f5 21. b4 b6 22.
bxc5 bxc5 23. Rab1 Bd7 24. Rfe1 f4 25. Bf2 Rfb8 26. Qa3 Kf7 27. Rb3 a5 28. Reb1
Qf8 29. Qb2 Rb4 30. a3 Rxb3 31. Qxb3 Qc8 32. g3 a4 33. Qb6 Qa6 34. gxf4 Qxb6 35.
Rxb6 gxf4 36. Rb7 Ke8 37. Bh4 d3 38. Be1 Bc8 39. Rb6 Ba6 40. Bd2 Bxc4 41. Bxf4
Rc8 42. Bxh6 Bxd5 43. exd5 c4 44. Rb4 c3 45. Rxa4 Rb8 46. Rd4 Rb1+ 47. Kg2 Rd1
48. Kf2 Kf7 49. a4 c2 50. Rc4 Kf6 51. Bf4 d2 52. Bxd2 Rxd2+ 53. Ke3 Rxh2 54. Kd3
Rh4 55. f4 c1=Q 56. Rxc1 Rxf4 57. Rc4 Rf3+ 58. Kd4 Rb3 59. Ke4 Kg5 60. Rc6 Rb4+
61. Kd3 Kf5 62. Rc4 Rb3+ 63. Rc3 Rb4 64. Rc4 Rb3+ 65. Kd4 Kf4 66. Rc8 Rb4+ 67.
Rc4 Rb3 68. Rc6 Rb4+ 69. Kc3 Rxa4 70. Rxd6 Ke5 71. Rd8 Rh4 72. d6 Ke6 73. d7 Ke7
74. Ra8 Kxd7 1/2-1/2

[Event "Netanya Open 2019"]
[Site "Netanya ISR"]
[Date "2019.06.25"]
[Round "3.6"]
[White "Gorshtein, Ido"]
[Black "Roiz, Michael"]
[Result "1/2-1/2"]
[WhiteTitle "FM"]
[BlackTitle "GM"]
[WhiteElo "2367"]
[BlackElo "2603"]
[WhiteFideId "2815532"]
[BlackFideId "2804158"]
[EventDate "2019.06.23"]

1. e4 c5 2. Ne2 Nf6 3. Nbc3 d5 4. exd5 Nxd5 5. Nxd5 Qxd5 6. Nc3 Qd8 7. Bb5+ Bd7
8. Bxd7+ Qxd7 9. O-O Nc6 10. d3 g6 11. Re1 Bg7 12. Ne4 b6 13. Bh6 O-O 14. Bxg7
Kxg7 15. Qd2 Rad8 16. Re3 e5 17. Rae1 f6 18. a3 a5 19. a4 Nb4 20. b3 Nd5 21. Rf3
Nf4 22. Rfe3 Nd5 23. Rh3 Qb7 24. Qh6+ Kg8 25. Rf3 Qg7 26. Qxg7+ Kxg7 27. Nd2
Rfe8 28. Nc4 Re6 29. Kf1 Rde8 30. Rd1 Kf7 31. Ne3 Nb4 32. h4 Rd8 33. Ke1 h5 34.
Rd2 Rd4 35. Rh3 Ke8 36. f3 Rd7 37. Rh1 Nc6 38. Nc4 Nd4 39. Kf2 Kd8 40. g3 Kc7
41. Re1 Ree7 42. c3 Nc6 43. g4 Rh7 44. Kg3 Rh8 45. f4 exf4+ 46. Kxf4 g5+ 47.
hxg5 fxg5+ 48. Kg3 h4+ 49. Kh2 Rf8 50. Re6 Rf4 51. Rde2 Rdf7 1/2-1/2

[Event "Netanya Open 2019"]
[Site "Netanya ISR"]
[Date "2019.06.25"]
[Round "3.17"]
[White "Zoler, Dan"]
[Black "Parligras, Cosmin"]
[Result "1-0"]
[WhiteTitle "GM"]
[WhiteElo "2499"]
[BlackElo "2198"]
[WhiteFideId "2800705"]
[BlackFideId "1206494"]
[EventDate "2019.06.23"]

1. d4 Nf6 2. c4 e6 3. Nf3 b6 4. Bf4 Bb7 5. e3 Nh5 6. Bg3 d6 7. Nc3 Nxg3 8. hxg3
Nd7 9. Bd3 g6 10. Qc2 Bg7 11. O-O-O Qe7 12. Kb1 a6 13. Be4 c6 14. Rh4 f5 15. Bd3
Bf6 16. Rhh1 e5 17. dxe5 Nxe5 18. Nxe5 Bxe5 19. e4 fxe4 20. Nxe4 O-O-O 21. f4
Bf6 22. Be2 Kb8 23. Bf3 d5 24. Nxf6 Qxf6 25. cxd5 cxd5 26. Rd2 Rd6 27. Rhd1 Rc8
28. Qd3 Rc5 29. a3 Ka7 30. Re1 Re6 31. Rxe6 Qxe6 32. Re2 Qd6 33. Re5 a5 34. Qb3
Qd7 35. g4 Qd6 36. g3 Bc6 37. g5 Bb7 38. Qd3 Rc7 39. Qd4 Rc4 40. Qd3 Rc7 41. Re1
d4 42. Bxb7 Rxb7 43. Re4 Rd7 44. Qc4 Kb7 45. Re6 Qc5 46. Qxc5 bxc5 47. a4 Rc7
48. Kc2 Rc6 49. Re7+ Rc7 50. Re6 Rc6 51. Re5 Rc7 52. Kd3 Kc6 53. Kc4 Kd6 54.
Rd5+ Ke6 55. g4 Rf7 56. Rxc5 Rxf4 57. Rxa5 Rxg4 58. Kd3 Kd6 59. b4 Kc6 60. Rc5+
Kb6 61. a5+ Ka6 62. Rc6+ Kb7 63. b5 Rxg5 64. a6+ Ka7 65. Kc4 Rg1 66. Rc7+ 1-0

[Event "Netanya Open 2019"]
[Site "Netanya ISR"]
[Date "2019.06.25"]
[Round "3.31"]
[White "Gorodetzky, Matan"]
[Black "Kharlamov, Igor"]
[Result "1-0"]
[WhiteTitle "FM"]
[WhiteElo "2303"]
[BlackElo "2019"]
[WhiteFideId "2813394"]
[BlackFideId "2807971"]
[EventDate "2019.06.23"]

1. e4 c5 2. Nf3 d6 3. Bb5+ Bd7 4. Bxd7+ Qxd7 5. c4 e5 6. Nc3 Nc6 7. d3 Nge7 8.
a3 h6 9. Rb1 Nd4 10. Be3 f5 11. Nh4 O-O-O 12. Bxd4 exd4 13. Nd5 Nxd5 14. cxd5
fxe4 15. Ng6 Rg8 16. dxe4 Qf7 17. Qg4+ Qd7 18. Qf3 Be7 19. O-O Bf6 20. b3 Rde8
21. Rfe1 Be5 22. Qh5 Qf7 23. f4 Bf6 24. Qf5+ Kb8 25. g4 d3 26. Kh1 Qc7 27. e5 d2
28. Re2 Qa5 29. Qd3 dxe5 30. fxe5 Bg5 31. h4 Bd8 32. Rxd2 Qxa3 33. Qc4 Bxh4 34.
Nxh4 Rxe5 35. Qf4 Re8 36. Ng6 1-0

[Event "Netanya Open 2019"]
[Site "Netanya ISR"]
[Date "2019.06.25"]
[Round "3.35"]
[White "Iliaguev, Daniel"]
[Black "Prraneeth, Vuppala"]
[Result "0-1"]
[BlackTitle "CM"]
[WhiteElo "1993"]
[BlackElo "2264"]
[WhiteFideId "2818434"]
[BlackFideId "46622373"]
[EventDate "2019.06.23"]

1. c4 e5 2. g3 c6 3. Bg2 d5 4. cxd5 cxd5 5. d4 e4 6. Nc3 Bb4 7. Nh3 Nc6 8. O-O
Bf5 9. f3 Qd7 10. Nf4 Bxc3 11. bxc3 h5 12. fxe4 dxe4 13. d5 O-O-O 14. Ba3 Qc7
15. Qa4 Ne5 16. Qxa7 Nc4 17. Bc5 g5 18. Nxh5 Rxd5 19. Rxf5 Rxf5 20. Bh3 g4 21.
Bxg4 Rxh5 22. Rd1 Qa5 23. Bb6 Qxb6+ 0-1

[Event "Netanya Open 2019"]
[Site "Netanya ISR"]
[Date "2019.06.26"]
[Round "4.1"]
[White "Mikhalevski, Victor"]
[Black "Efimenko, Zahar"]
[Result "0-1"]
[WhiteTitle "GM"]
[BlackTitle "GM"]
[WhiteElo "2579"]
[BlackElo "2632"]
[WhiteFideId "2801914"]
[BlackFideId "14107201"]
[EventDate "2019.06.23"]

1. Nf3 g6 2. d4 Nf6 3. g3 Bg7 4. Bg2 c5 5. d5 O-O 6. O-O d6 7. c4 e6 8. Nc3 exd5
9. cxd5 Re8 10. Bf4 Bf5 11. Nd2 Nh5 12. Be3 Nd7 13. Nc4 Ne5 14. Nxe5 Rxe5 15.
Qc1 Qd7 16. a4 Bh3 17. Rd1 Bxg2 18. Kxg2 f5 19. Bh6 Bxh6 20. Qxh6 Rf8 21. f3
Rfe8 22. Rd2 a6 23. a5 Qe7 24. Ra4 Qf7 25. Ra1 Qf6 26. Ra4 Qe7 27. Kf2 Nf6 28.
Ra1 Qf7 29. Rad1 Qc7 30. Ra1 Qe7 31. Kg2 Re3 32. Ra4 Qf7 33. Ra1 R8e5 34. Rad1
Nh5 35. Ne4 R5xe4 36. fxe4 Rxe4 37. Qg5 Nf6 38. Rf1 Kg7 39. Rc2 Nxd5 40. Rf3 Qe6
41. Kf2 Nf6 42. Qd2 Rd4 43. Qc1 Qd5 44. Ke1 Ng4 45. h3 Ne5 46. Rf1 Qe4 47. Kf2
Nc4 48. b3 Nxa5 49. Qb2 Nc6 50. Rd2 f4 51. Rd3 Ne5 52. Rc3 fxg3+ 53. Rxg3 Qf4+
54. Kg2 Qd2 55. Rb1 Qxb2 56. Rxb2 Kf6 57. Ra2 Ke6 58. Rc3 Re4 59. Kf2 Rf4+ 60.
Kg2 Rb4 61. Kf2 Nc6 62. Re3+ Ne5 63. Rc3 g5 64. Ra1 h6 65. Rh1 a5 66. h4 gxh4
67. Rch3 Kd7 68. Ra1 Rf4+ 69. Ke3 Rb4 70. Kf2 Nc6 71. Ra4 Nd4 72. Rxb4 axb4 73.
Ke1 b5 74. Kd1 Nf5 75. e4 Nd4 76. Kc1 Kc6 77. Kb2 c4 78. Rxh4 Nxb3 79. Rxh6 Nc5
80. Rh4 Kd7 81. Rh7+ Ke6 82. Rh5 Kd7 83. Rh7+ Kc6 84. Rh4 Nd3+ 85. Kc2 Kc5 86.
Rh5+ Ne5 87. Rh8 b3+ 88. Kd2 Kd4 0-1

[Event "Netanya Open 2019"]
[Site "Netanya ISR"]
[Date "2019.06.26"]
[Round "4.2"]
[White "Svetushkin, Dmitry"]
[Black "Zubov, Alexander"]
[Result "1-0"]
[WhiteTitle "GM"]
[BlackTitle "GM"]
[WhiteElo "2532"]
[BlackElo "2597"]
[WhiteFideId "13900463"]
[BlackFideId "14109409"]
[EventDate "2019.06.23"]

1. e4 c5 2. Nf3 d6 3. Bb5+ Nd7 4. c3 Nf6 5. Bd3 g6 6. Bc2 Bg7 7. d4 O-O 8. O-O
Qc7 9. a4 b6 10. Re1 Bb7 11. Na3 a6 12. Qe2 e6 13. h3 Rfe8 14. Bd2 Nh5 15. g4
Nhf6 16. Nh2 cxd4 17. cxd4 Nb8 18. Rac1 Nc6 19. Nf3 h5 20. g5 Nd7 21. Bb1 Qb8
22. Be3 e5 23. d5 Nd4 24. Qd1 Qd8 25. Nc4 Nc5 26. Nxd4 exd4 27. Bf4 Be5 28. Nxe5
dxe5 29. Bd2 Qd7 30. Kh2 Nxa4 31. f4 Nxb2 32. Qb3 Qb5 33. Qg3 Rac8 34. fxe5 Rxc1
35. Bxc1 Nc4 36. Bd3 Qc5 37. Bxc4 Qxc4 38. Qf4 Qc7 39. Bb2 Qxe5 40. Qxe5 Rxe5
41. Bxd4 Re8 42. d6 Rd8 43. e5 b5 44. Bb6 Rd7 45. Kg3 Kf8 46. Kf4 Ke8 47. Rc1 b4
48. Ke3 b3 49. Kd4 b2 50. Rb1 Bc8 51. Bc7 Rxc7 52. dxc7 Kd7 53. e6+ Kxe6 54.
Rxb2 Kd6 55. Rf2 Bxh3 56. Rxf7 a5 57. Rf6+ Kxc7 58. Rxg6 Kd7 59. Ke5 Bf1 60.
Rg7+ Kc6 61. g6 Bc4 62. Ra7 Kb5 63. Kd4 Ba2 64. g7 Kb4 65. Rb7+ Ka3 66. Kc3 h4
67. Rb8 h3 68. g8=Q Bxg8 69. Rxg8 h2 70. Rh8 a4 71. Rh4 1-0

[Event "Netanya Open 2019"]
[Site "Netanya ISR"]
[Date "2019.06.26"]
[Round "4.4"]
[White "Kuzubov, Yuriy"]
[Black "Shubin, Kirill"]
[Result "1/2-1/2"]
[WhiteTitle "GM"]
[BlackTitle "FM"]
[WhiteElo "2671"]
[BlackElo "2426"]
[WhiteFideId "14112906"]
[BlackFideId "34119962"]
[EventDate "2019.06.23"]

1. d4 e6 2. c4 Nf6 3. g3 d5 4. Nf3 Bb4+ 5. Bd2 Bd6 6. Nc3 c6 7. Qc2 Bb4 8. Bg2
dxc4 9. O-O Nbd7 10. e4 Bxc3 11. bxc3 h6 12. Bf4 O-O 13. Bd6 Re8 14. Ne5 Nb6 15.
Bb4 Qc7 16. a4 a5 17. Ba3 Nfd7 18. f4 Ra6 19. Bf3 c5 20. Bh5 Rf8 21. Rab1 Nxe5
22. fxe5 Nd7 23. Qe2 Rb6 24. Rxb6 Qxb6 25. Qxc4 g6 26. Be2 Re8 27. Rd1 cxd4 28.
Qxd4 Qxd4+ 29. cxd4 Nb8 30. Rb1 Rd8 31. Bc5 Nc6 32. Bb6 Re8 33. Kf2 Bd7 34. Ke3
Rc8 35. Bb5 Kf8 36. Rc1 Ke7 37. Rc5 Ra8 38. h4 g5 39. h5 Ke8 40. Rc1 Kf8 41.
Bc5+ Ke8 42. Bd6 Rd8 43. d5 Na7 44. Bxd7+ Rxd7 45. Kd4 b5 46. Kc5 bxa4 47. dxe6
fxe6 48. Kb6 Kd8 49. Rf1 Nc8+ 50. Kc6 Na7+ 51. Kb6 Nc8+ 52. Kc5 Rh7 53. Kc6 Na7+
54. Kb6 Nc8+ 55. Kxa5 Ra7+ 56. Kb5 a3 57. Bc5 Rb7+ 58. Kc4 Nb6+ 59. Kd4 a2 60.
Ra1 Rd7+ 61. Bd6 Ra7 62. Kc3 Ke8 63. Kb3 Ra5 64. Bc7 Rb5+ 65. Kxa2 Ra5+ 66. Kb1
Rb5+ 67. Ka2 Ra5+ 1/2-1/2

[Event "Netanya Open 2019"]
[Site "Netanya ISR"]
[Date "2019.06.26"]
[Round "4.5"]
[White "Gorodetzky, David"]
[Black "Moiseenko, Alexander"]
[Result "1-0"]
[WhiteTitle "IM"]
[BlackTitle "GM"]
[WhiteElo "2461"]
[BlackElo "2642"]
[WhiteFideId "2813416"]
[BlackFideId "14102560"]
[EventDate "2019.06.23"]

1. c4 e5 2. Nc3 Bb4 3. Nd5 a5 4. Nf3 e4 5. Ng5 Qxg5 6. Nxc7+ Kd8 7. Nxa8 e3 8.
fxe3 Qh4+ 9. g3 Qe4 10. a3 Qxh1 11. axb4 d6 12. d3 Bh3 13. Kd2 Qxf1 14. Qxf1
Bxf1 15. Rxa5 Bh3 16. e4 Ne7 17. Kc3 Ng6 18. Be3 Nd7 19. Rb5 Kc8 20. Rd5 f5 21.
Rxd6 fxe4 22. Nb6+ Kc7 23. c5 Nxb6 24. Rxb6 exd3 25. exd3 Rd8 26. b5 Ne7 27.
Bf4+ Kc8 28. Rd6 Nd5+ 29. Kd4 Nxf4 30. Rxd8+ Kxd8 31. gxf4 Kd7 32. b4 Bg2 33.
Kc4 Ke6 34. b6 Kf5 35. b5 Kxf4 36. d4 Kf5 37. c6 Ke6 38. Kc5 g5 39. d5+ Bxd5 40.
c7 Kd7 41. Kxd5 h5 42. Ke5 g4 43. Kf4 1-0

[Event "Netanya Open 2019"]
[Site "Netanya ISR"]
[Date "2019.06.26"]
[Round "4.6"]
[White "Roiz, Michael"]
[Black "Bronstein, Or"]
[Result "1/2-1/2"]
[WhiteTitle "GM"]
[BlackTitle "FM"]
[WhiteElo "2603"]
[BlackElo "2378"]
[WhiteFideId "2804158"]
[BlackFideId "2815770"]
[EventDate "2019.06.23"]

1. d4 Nf6 2. c4 g6 3. g3 c6 4. Bg2 d5 5. Qa4 Bg7 6. Nf3 O-O 7. O-O Qb6 8. Nc3
Rd8 9. Rd1 Na6 10. c5 Qb4 11. Qxb4 Nxb4 12. Bf4 Ne4 13. Rac1 Bf5 14. a3 Nxc3 15.
Rxc3 Na6 16. Nh4 Be6 17. Nf3 h6 18. h4 f6 19. Re3 Kf7 20. Rb3 1/2-1/2

[Event "Netanya Open 2019"]
[Site "Netanya ISR"]
[Date "2019.06.26"]
[Round "4.7"]
[White "Huzman, Alexander"]
[Black "Gorshtein, Ido"]
[Result "1-0"]
[WhiteTitle "GM"]
[BlackTitle "FM"]
[WhiteElo "2588"]
[BlackElo "2367"]
[WhiteFideId "2803828"]
[BlackFideId "2815532"]
[EventDate "2019.06.23"]

1. c4 Nf6 2. g3 c6 3. Nf3 d5 4. b3 Bg4 5. Bg2 Bxf3 6. Bxf3 e5 7. Bb2 e4 8. Bg2
h5 9. h3 Nbd7 10. Nc3 a6 11. Qc2 b5 12. cxd5 cxd5 13. Nxd5 Rc8 14. Bxf6 1-0

[Event "Netanya Open 2019"]
[Site "Netanya ISR"]
[Date "2019.06.26"]
[Round "4.8"]
[White "Flom, Gabriel"]
[Black "Sivuk, Vitaly"]
[Result "1/2-1/2"]
[WhiteTitle "IM"]
[BlackTitle "GM"]
[WhiteElo "2480"]
[BlackElo "2547"]
[WhiteFideId "621650"]
[BlackFideId "14116502"]
[EventDate "2019.06.23"]

1. d4 Nf6 2. c4 e6 3. Nc3 Bb4 4. e3 O-O 5. Bd3 c5 6. Ne2 d5 7. cxd5 cxd4 8. exd4
Qxd5 9. O-O Qh5 10. a3 Bd6 11. Bf4 Bxf4 12. Nxf4 Qh6 13. Qc1 Rd8 14. d5 e5 15.
Nfe2 Qxc1 16. Raxc1 Nbd7 17. Rfd1 Nb6 18. d6 Be6 19. Ne4 Nxe4 20. Bxe4 Nc4 21.
d7 Nxb2 22. Rd6 Rxd7 23. Rxd7 Bxd7 24. Bxb7 Rb8 25. Rc7 Be6 26. f4 Bc4 27. Kf2
exf4 28. Nxf4 g6 29. Ke3 Rd8 30. h4 a5 31. g4 Bb3 32. Ba6 Nd1+ 33. Kf3 Re8 34.
g5 Ne3 35. Bd3 Nd5 36. Nxd5 Bxd5+ 37. Kf4 a4 38. Rc5 Bb3 39. Bc4 Re1 40. Bxb3
axb3 41. Rb5 Rb1 42. Kg3 h6 43. a4 hxg5 44. hxg5 b2 45. Rb8+ Kg7 46. Kh2 Kh7 47.
Rb7 Kg8 48. Rb8+ Kg7 49. a5 Ra1 50. Rxb2 Rxa5 51. Rg2 Kf8 52. Kh3 Ke7 53. Re2+
Kd6 54. Kg4 Re5 55. Rf2 Re4+ 56. Kg3 Ke6 57. Rf6+ Ke7 58. Ra6 Re1 59. Kg4 1/2-1/2